Integración económica e ideología sobre el desarrollo /
שמור ב:
| מחבר ראשי: | |
|---|---|
| פורמט: | Texto |
| שפה: | Spanish |
| נושאים: | |
| תגים: |
הוספת תג
אין תגיות, היה/י הראשונ/ה לתייג את הרשומה!
|
MARC
| LEADER | 00000 a a2200000 04500 | ||
|---|---|---|---|
| 001 | 3208 | ||
| 003 | cru CIDCACS/IIS | ||
| 005 | 20210519152905.0 | ||
| 008 | 210512b1979 CR ||||| |||| 00| 0 spa d | ||
| 022 | |a 0303-9676 | ||
| 040 | |a cru CIDCACS/IIS |c cru CIDCACS/IIS | ||
| 100 | |a Lizano Fait, Eduardo | ||
| 245 | |a Integración económica e ideología sobre el desarrollo / |c Eduardo Lizano Fait | ||
| 650 | 4 | |9 2642 |a INTEGRACION ECONOMICA | |
| 650 | 0 | |9 2142 |a DESARROLLO ECONOMICO | |
| 650 | 4 | |9 4380 |a MODELOS ECONOMICOS | |
| 650 | 0 | |9 82 |a LIBERALISMO | |
| 650 | 0 | |9 236 |a MARXISMO | |
| 650 | 0 | |9 2539 |a DESARROLLO INTEGRADO | |
| 773 | |g volumen 2, número 3; páginas 45-67 |o REV0467 8(24) 1979 |t Estudios Sociales Centroamericanos | ||
| 942 | |2 ddc |c PP | ||
| 999 | |c 38088 |d 38088 | ||
